| 000 | 00376nam a2200169Ia 4500 | ||
|---|---|---|---|
| 003 | 0STCL | ||
| 008 | 150530s9999 xx 000 0 und d | ||
| 040 |
_aSTCL _cSTCL |
||
| 100 | _aBlishen Edward; Ed | ||
| 245 | _aJunior Pears Encyclopaedia | ||
| 250 | _aEighteenth | ||
| 260 | _c1978 | ||
| 546 | _aEnglish | ||
| 942 |
_2ddc _cBK |
||
| 999 |
_c1760 _d1760 |
||
| 005 | 20220125160227.0 | ||